Druhá revolúcia v ponukovom reťazci všetko mení
Elektronický obchod a zásadné zmeny v ponukovom reťazci. Charakteristika obdobia prvej revolúcie v ponukovom reťazci. Reorganizácie a technické inovácie v 19. storočí. Priebeh druhej revolúcie v súčasnosti. Tejto napomáhajú internet a business-to-business commerce. Charakteristika druhej revolúcie....
Gespeichert in:
| 1. Verfasser: | |
|---|---|
| Weitere Verfasser: | |
| Format: | Buchkapitel |
| Sprache: | Slowakisch |
| Schlagworte: | |
| Tags: |
Keine Tags, Fügen Sie das erste Tag hinzu!
|
MARC
| LEADER | 00000naa a2200000 4500 | ||
|---|---|---|---|
| 001 | r042228 | ||
| 005 | 20230921111601.4 | ||
| 041 | 0 | |a slo | |
| 044 | |a SK | ||
| 245 | 1 | 0 | |a Druhá revolúcia v ponukovom reťazci všetko mení |c Morris Cohen, Vipul Agrawal |
| 520 | |a Elektronický obchod a zásadné zmeny v ponukovom reťazci. Charakteristika obdobia prvej revolúcie v ponukovom reťazci. Reorganizácie a technické inovácie v 19. storočí. Priebeh druhej revolúcie v súčasnosti. Tejto napomáhajú internet a business-to-business commerce. Charakteristika druhej revolúcie. Využívanie elektronického obchodu. Účinok ponukového reťazca. | ||
| 610 | 2 | 0 | |a ponuka |
| 610 | 2 | 0 | |a revolúcia |
| 610 | 2 | 0 | |a revolúcia technická |
| 610 | 2 | 0 | |a obchod elektronický |
| 610 | 2 | 0 | |a technológie nové |
| 610 | 2 | 0 | |a manažment |
| 610 | 2 | 0 | |a internet |
| 100 | 1 | |a Cohen, Morris | |
| 700 | 1 | |a Agrawal, Vipul | |